000 00495nam a2200193Ia 4500
005 20250423094925.0
008 250422s9999 xx 000 0 und d
020 _a9780702073663
050 _aRC 731 .R47/
100 _aEdited by Philip Xiu & Shreelata Datta
245 0 _aCrash course; respratory medicine
250 _a5th ed
260 _aGreat Britain
260 _bElsevier Limited
260 _c2019
300 _a249 p
650 _aRespiratory organs--Diseases.
942 _cBK
999 _c28706
_d28706